Speciale tg. Forme e tecniche del giornalismo televisivo (Record n. 94129)
[ formato base ]
| 000 -LEADER | |
|---|---|
| fixed length control field | 02174nam a2200313Ia 4500 |
| 001 - CONTROL NUMBER | |
| control field | H5770 |
| 003 - CONTROL NUMBER IDENTIFIER | |
| control field | IT-RoPAU |
| 008 - FIXED-LENGTH DATA ELEMENTS--GENERAL INFORMATION | |
| fixed length control field | 130308s9999 xx 000 0 und d |
| 040 ## - CATALOGING SOURCE | |
| Original cataloging agency | IT-RoPAU |
| 040 ## - CATALOGING SOURCE | |
| Transcribing agency | IT-RoPAU |
| 041 ## - LANGUAGE CODE | |
| Language code of text/sound track or separate title | ITALIANO |
| 100 ## - MAIN ENTRY--PERSONAL NAME | |
| Personal name | Simonelli Giorgio |
| 100 ## - MAIN ENTRY--PERSONAL NAME | |
| Miscellaneous information | Codice Aut. SPICS: 14747 |
| 245 ## - TITLE STATEMENT | |
| Title | Speciale tg. Forme e tecniche del giornalismo televisivo |
| 245 ## - TITLE STATEMENT | |
| Remainder of title | Speciale Tg. forme e Tecniche del Giornalismo Televisivo |
| 250 ## - EDITION STATEMENT | |
| Edition statement | 4a ed. |
| 260 ## - PUBLICATION, DISTRIBUTION, ETC. (IMPRINT) | |
| Place of publication, distribution, etc. | NOVARA |
| 260 ## - PUBLICATION, DISTRIBUTION, ETC. (IMPRINT) | |
| Name of publisher, distributor, etc. | Interlinea |
| 260 ## - PUBLICATION, DISTRIBUTION, ETC. (IMPRINT) | |
| Date of publication, distribution, etc. | 2005 [1° Ed.:1997 - Ed.Ling.Originale:1997] |
| 300 ## - PHYSICAL DESCRIPTION | |
| Extent | "344 p. (prefazione: no ; testo: 344 [pagine: 0-0])" |
| 500 ## - GENERAL NOTE | |
| General note | "Telegiornale: Storia, Modelli, Funzioni di G. Simonelli. Tracce: Viaggio da Rimeditare di G. Tramontana; Parole del Tg di M. Caratti; quelli che ci Parlano, Nuova Identità Conduttore Tg di M. Deriu; telegiornali e palinsesti di P. Aroldi; Galassia Tg, Disseminazione del Tg tra Televisione, internet e telefonia mobile di N. Vittadini. Tg fuori dal Tg: Informazione sportiva Quotidiana di P. Abbiezzi; Economia Nei Tg di C. Pota; costume e Societa'Di G. Di Lauro; che Fai Ridi? Informazione, satira e Comicità in Strisciala notizia di F. Buscemi; rassegna Stampa e Metainformazione di G. Dainelli; un Tg Under 16, Il Gt ragazzi (Raitre) di L. Ogna; Tg e Altre Culture Din. Vittadini. Testimonianze: regole del Racconto di A.M.Valli; reti All News di E. Carelli; telegiornale Regionale, raccontare Proprio villaggio di E. Chiodi. Panoramiche Estere: 1 speciale Tg, telegiornale Tsi di E. Colomboe R. Benassi; Tg Francese di M. Villa; Informazione televisiva in Gb di E.Midolo; Tg in Germania di C. Valmachino; Tg in Spagna di E. Malinverno; Tgin Australia di C. Oreglia; Influenza Informazione televisiva Americana Suquella Italiana di E. Menduni. Appendici: Otto Film e mezzo Sul telegiornale di G. Simonelli; Telegiornale, Questo Sconosciuto, indicazioni bibliografiche di M. Deriu; I Direttori dei Tg Italiani" |
| 650 ## - SUBJECT ADDED ENTRY--TOPICAL TERM | |
| Topical term or geographic name as entry element | GENERI TELEVISIVI |
| 650 ## - SUBJECT ADDED ENTRY--TOPICAL TERM | |
| Relator term | Codice materia Spics: 6960 |
| 700 ## - ADDED ENTRY--PERSONAL NAME | |
| Personal name | AA.VV. |
| 700 ## - ADDED ENTRY--PERSONAL NAME | |
| Miscellaneous information | Codice Aut. SPICS: 12000 |
| 942 ## - ADDED ENTRY ELEMENTS (KOHA) | |
| Koha item type | LIBRO |
| 957 ## - | |
| -- | 1 |
| 999 ## - SYSTEM CONTROL NUMBERS (KOHA) | |
| -- | 1 |
| Withdrawn status | Lost status | Damaged status | Not for loan | Home library | Current library | Date acquired | Total Checkouts | Full call number | Date last seen | Price effective from | Koha item type | Public note |
|---|---|---|---|---|---|---|---|---|---|---|---|---|
| Buone Condizioni | Not For Loan | SPICS-MEDIATECA | SPICS-MEDIATECA | 08/03/2013 | H5770 | 08/03/2013 | 08/03/2013 | LIBRO | Progressivo inserimento: 45095 / N. Volumi: 1 Copie: 1 / data import: 1 marzo 2013 - By Epidotti, Trombetti, Vaglietti. |